[Event "BL 8889 Nürnberg-Heidelberg"]
[Site "?"]
[Date "1988.??.??"]
[Round "?.2"]
[White "Pribyl, J."]
[Black "Ostl, A."]
[Result "1-0"]
[WhiteElo "2435"]
[BlackElo "2260"]
[PlyCount "57"]
[EventDate "1988.??.??"]

1. e4 c5 2. Nf3 e6 3. Nc3 Nc6 4. Bb5 Nge7 5. O-O a6 6. Bxc6 Nxc6 7. d4 cxd4 8.
Nxd4 d6 9. Nxc6 bxc6 10. Qg4 e5 11. Qg3 Be6 12. b3 f6 13. f4 Qc7 14. Na4 exf4
15. Bxf4 h5 16. Rad1 Rd8 17. Rd2 g5 18. Be3 Qg7 19. Bd4 Be7 20. Qc3 O-O 21.
Rdf2 Qg6 22. Qxc6 f5 23. exf5 Bxf5 24. Qxa6 g4 25. Qb7 Rd7 26. Qb5 Be6 27. Nb6
Rxf2 28. Rxf2 Qe4 29. Qe2 1-0

[Event "BL 8889 Nürnberg-Heidelberg"]
[Site "?"]
[Date "1988.??.??"]
[Round "?.3"]
[White "Cicak, S."]
[Black "Lumper, T."]
[Result "1/2-1/2"]
[WhiteElo "2345"]
[BlackElo "2355"]
[PlyCount "101"]
[EventDate "1988.??.??"]

1. e4 c5 2. Nf3 Nc6 3. d4 cxd4 4. Nxd4 Nf6 5. Nc3 e5 6. Ndb5 d6 7. Nd5 Nxd5 8.
exd5 Nb8 9. c4 Bf5 10. Be2 a6 11. Nc3 Be7 12. O-O O-O 13. Be3 Nd7 14. b4 Rc8
15. Na4 b5 16. Nb2 Bg5 17. Qd2 Bxe3 18. Qxe3 Nb6 19. Rac1 Bd7 20. Rfd1 bxc4 21.
Nxc4 Nxc4 22. Bxc4 Rb8 23. Rb1 Qb6 24. Rdc1 Bf5 25. Rb3 Qxe3 26. fxe3 Rfc8 27.
Rcc3 Rb6 28. a4 g6 29. b5 axb5 30. Bxb5 Rcb8 31. Bc4 Rxb3 32. Rxb3 Rxb3 33.
Bxb3 Bd3 34. a5 Kf8 35. Kf2 Ke7 36. Ke1 Kd8 37. Kd2 Bf1 38. g4 h6 39. h4 f5 40.
gxf5 gxf5 41. Bc2 Bc4 42. Bxf5 Bxd5 43. Kc3 Kc7 44. Kb4 Bc6 45. Be6 Bb7 46. Kb5
Bc6+ 47. Kc4 Bb7 48. Bd5 Ba6+ 49. Kb4 Be2 50. e4 Bd3 51. Kc3 1/2-1/2

[Event "BL 8889 Nürnberg-Heidelberg"]
[Site "?"]
[Date "1988.??.??"]
[Round "?.4"]
[White "Seibold, H."]
[Black "Mack, P."]
[Result "1-0"]
[WhiteElo "2220"]
[BlackElo "2295"]
[PlyCount "89"]
[EventDate "1988.??.??"]

1. e4 e6 2. d4 d5 3. Nc3 Bb4 4. e5 Qd7 5. a3 Bxc3+ 6. bxc3 b6 7. Qg4 f5 8. Qg3
Ba6 9. Bxa6 Nxa6 10. a4 Nb8 11. a5 Nc6 12. axb6 cxb6 13. Ne2 O-O-O 14. Nf4 Na5
15. O-O Nc4 16. Nxe6 Qxe6 17. Qxg7 Ne7 18. Rxa7 Rde8 19. Ra8+ Kd7 20. Rxe8 Rxe8
21. Qxh7 Rg8 22. h4 Kc6 23. Bg5 Ng6 24. Ra1 Na5 25. f4 Kb5 26. Qc7 Ka6 27. h5
Nxf4 28. Bxf4 Rg4 29. g3 Rxf4 30. gxf4 Qg8+ 31. Kf2 Qg4 32. Qc8+ Ka7 33. Qd7+
Kb8 34. Qd8+ Ka7 35. Qg5 Qh3 36. Rg1 Qxc3 37. Qxf5 Qxd4+ 38. Kg2 Nc4 39. Qd7+
Kb8 40. Qd8+ Kb7 41. Qd7+ Kb8 42. Qd8+ Kb7 43. Kh3 Nd2 44. Qd7+ Ka6 45. Rg3 1-0

[Event "BL 8889 Nürnberg-Heidelberg"]
[Site "?"]
[Date "1988.??.??"]
[Round "?.6"]
[White "Huemmer, B."]
[Black "Neunhoeffer, H."]
[Result "0-1"]
[WhiteElo "2295"]
[BlackElo "2270"]
[PlyCount "121"]
[EventDate "1988.??.??"]

1. c4 Nf6 2. Nc3 e6 3. e4 d5 4. e5 d4 5. exf6 dxc3 6. bxc3 Qxf6 7. d4 b6 8. Be2
Bb7 9. Bf3 Bxf3 10. Nxf3 Bd6 11. Qa4+ c6 12. O-O O-O 13. Rb1 Qd8 14. c5 bxc5
15. dxc5 Bxc5 16. Rd1 Qc8 17. Qg4 Rd8 18. Bh6 Bf8 19. h4 Rxd1+ 20. Rxd1 Nd7 21.
Bg5 Qe8 22. h5 f6 23. Bh4 c5 24. Qe4 Nb6 25. Qg4 Qf7 26. Qe4 Re8 27. a4 Qxh5
28. a5 Nd5 29. Qd3 Qg4 30. c4 Nf4 31. Qf1 e5 32. Bg3 Ne6 33. Rb1 e4 34. Nh2 Qg6
35. Qe1 Nd4 36. Nf1 f5 37. Qe3 h5 38. Kh1 Qf6 39. Bf4 Ne6 40. g3 g5 41. Bb8 Nd4
42. Bxa7 Bd6 43. Rb7 f4 44. gxf4 gxf4 45. Qh3 Qf5 46. Qxf5 Nxf5 47. Rb5 Nd4 48.
Rb6 Rd8 49. a6 Kf7 50. Rb7+ Ke6 51. Rg7 Ra8 52. Rg6+ Ke5 53. Rg5+ Nf5 54. Bb6
Rxa6 55. Bd8 Ra1 56. Kg2 f3+ 57. Kg1 Ra8 58. Rg8 Ke6 59. Rg6+ Kd7 60. Bf6 Nd4
61. Rg5 0-1

[Event "BL 8889 Koblenz-Nürnberg"]
[Site "?"]
[Date "1988.??.??"]
[Round "?.1"]
[White "Jansa, V."]
[Black "Garcia Palermo, C."]
[Result "1/2-1/2"]
[WhiteElo "2470"]
[BlackElo "2455"]
[PlyCount "22"]
[EventDate "1988.??.??"]

1. e4 e6 2. d4 d5 3. Nd2 c5 4. Ngf3 Nc6 5. exd5 exd5 6. Bb5 Bd6 7. dxc5 Bxc5 8.
O-O Nge7 9. Nb3 Bd6 10. Re1 O-O 11. Bg5 Bg4 {.../23/} 1/2-1/2

[Event "BL 8889 Koblenz-Nürnberg"]
[Site "?"]
[Date "1988.??.??"]
[Round "?.2"]
[White "Wolf, V."]
[Black "Pribyl, J."]
[Result "1/2-1/2"]
[WhiteElo "2330"]
[BlackElo "2435"]
[PlyCount "80"]
[EventDate "1988.??.??"]

1. e4 d6 2. d4 Nf6 3. Nc3 g6 4. Nf3 Bg7 5. h3 O-O 6. Be3 c6 7. a4 Nbd7 8. a5
Qc7 9. Be2 e5 10. dxe5 dxe5 11. Bc4 Re8 12. Ng5 Re7 13. O-O h6 14. Nf3 Nh5 15.
Qb1 Nf4 16. Rd1 Ne6 17. b4 Ndf8 18. Qb3 Rd7 19. Rxd7 Bxd7 20. Na4 Kh7 21. Rd1
Be8 22. c3 Bf6 23. Nc5 Ng5 24. Nh2 b5 25. axb6 axb6 26. Ng4 Bg7 27. h4 h5 28.
Nh2 bxc5 29. hxg5 cxb4 30. cxb4 Kg8 31. Bc5 Rd8 32. Nf3 Rxd1+ 33. Qxd1 Nd7 34.
Bd6 Qa7 35. Bb3 Qb6 36. Qc2 Bf8 37. Bxf8 Kxf8 38. Qc3 c5 39. bxc5 Qxc5 40. Qc4
Qxc4 1/2-1/2

[Event "BL 8889 Heidelberg-Bamberg"]
[Site "?"]
[Date "1988.??.??"]
[Round "?.1"]
[White "Goehring, K."]
[Black "Steinbacher, M."]
[Result "0-1"]
[WhiteElo "2335"]
[BlackElo "2340"]
[PlyCount "102"]
[EventDate "1988.??.??"]

1. e4 e5 2. Nf3 Nc6 3. Bb5 g6 4. c3 a6 5. Ba4 d6 6. d4 Bd7 7. O-O Bg7 8. Bg5 f6
9. Be3 Nh6 10. dxe5 dxe5 11. Qd5 Nf7 12. Bc5 Qc8 13. Rd1 b5 14. Bb3 Ncd8 15.
Nbd2 Bc6 16. Qd3 Ne6 17. Be3 O-O 18. a4 Nd6 19. Bd5 Qd7 20. Nb3 Kh8 21. Nc5
Nxc5 22. Bxc5 bxa4 23. Nd2 Rfd8 24. Bxd6 Qxd6 25. Nc4 Qc5 26. Qe3 Qb5 27. Bxc6
Qxc6 28. Qe2 Bf8 29. Kf1 Kg7 30. Na5 Qb5 31. Nc4 Be7 32. Ne3 Rab8 33. Nc4 Qb3
34. Rxd8 Rxd8 35. Na5 Qb5 36. Nc4 Bc5 37. g3 Be7 38. h4 h5 39. Ne3 Rd2 40. Qxb5
axb5 41. c4 c6 42. cxb5 cxb5 43. Rc1 Rxb2 44. Rc7 a3 45. Rxe7+ Kf8 46. Ra7 a2
47. Kg2 b4 48. Ra8+ Kf7 49. Ra7+ Ke8 50. Nd5 b3 51. Nxf6+ Kd8 0-1

[Event "BL 8889 Heidelberg-Bamberg"]
[Site "?"]
[Date "1988.??.??"]
[Round "?.2"]
[White "Ostl, A."]
[Black "Kurz, A."]
[Result "1/2-1/2"]
[WhiteElo "2260"]
[BlackElo "2280"]
[PlyCount "84"]
[EventDate "1988.??.??"]

1. d4 Nf6 2. Nf3 g6 3. Bf4 Bg7 4. e3 O-O 5. h3 d5 6. Bd3 b6 7. O-O Bb7 8. Nbd2
Nbd7 9. b4 c5 10. c3 Ne4 11. bxc5 bxc5 12. Qc2 Nxd2 13. Qxd2 Qa5 14. Rab1 Bc6
15. Qb2 a6 16. Rfe1 Rfc8 17. h4 e6 18. Rec1 Bb5 19. Bxb5 axb5 20. Qxb5 Qxb5 21.
Rxb5 cxd4 22. exd4 Rxa2 23. Rb7 Nf6 24. Ng5 Ne4 25. Nxe4 dxe4 26. Rd7 Rca8 27.
Be3 R2a7 28. Rxa7 Rxa7 29. d5 Rd7 30. dxe6 fxe6 31. c4 Kf7 32. c5 Rc7 33. Kf1
Bf8 34. Rc4 e5 35. c6 Ke6 36. Bb6 Rc8 37. Rc2 Bd6 38. Ke2 Bc7 39. Bxc7 Rxc7 40.
Ke3 Kd5 41. Rd2+ Ke6 42. Rc2 Kd5 1/2-1/2

[Event "BL 8889 Heidelberg-Bamberg"]
[Site "?"]
[Date "1988.??.??"]
[Round "?.3"]
[White "Meister, P."]
[Black "Cicak, S."]
[Result "1/2-1/2"]
[WhiteElo "2325"]
[BlackElo "2345"]
[PlyCount "35"]
[EventDate "1988.??.??"]

1. d4 Nf6 2. c4 e6 3. Nf3 d5 4. Nc3 Be7 5. Bg5 h6 6. Bh4 O-O 7. e3 b6 8. cxd5
exd5 9. Bd3 Nbd7 10. O-O Bb7 11. Ne5 Nxe5 12. dxe5 Ne4 13. Bxe7 Qxe7 14. f4 f6
15. Bxe4 dxe4 16. exf6 Qxf6 17. Qa4 Rfd8 18. Rad1 1/2-1/2

[Event "BL 8889 Heidelberg-Bamberg"]
[Site "?"]
[Date "1988.??.??"]
[Round "?.4"]
[White "Mack, P."]
[Black "Ruehrig, V."]
[Result "1-0"]
[WhiteElo "2295"]
[BlackElo "2330"]
[PlyCount "81"]
[EventDate "1988.??.??"]

1. Nf3 g6 2. c4 Bg7 3. Nc3 Nf6 4. g3 O-O 5. Bg2 c6 6. d4 d5 7. cxd5 cxd5 8. Ne5
Nc6 9. O-O e6 10. Nxc6 bxc6 11. Na4 Nd7 12. Be3 Ba6 13. Rc1 Qa5 14. b3 Rfc8 15.
Qe1 Qxe1 16. Rfxe1 Bf8 17. Rc2 Bb4 18. Rd1 Bb5 19. Nc3 a5 20. Nxb5 cxb5 21.
Rdc1 Nb6 22. Rc6 Ba3 23. R1c2 Kf8 24. Bf4 Ke8 25. e3 Be7 26. Bf1 b4 27. Bb5 Kf8
28. h4 Bd8 29. R2c5 Rxc6 30. Bxc6 Ra6 31. Bb5 Ra7 32. Bb8 Ra8 33. Bf4 Rc8 34.
Bd6+ Be7 35. Rxc8+ Nxc8 36. Bc7 Nd6 37. Bd3 Nb7 38. Ba6 Bd8 39. Bf4 f6 40. Bxb7
g5 41. Bd6+ 1-0

[Event "BL 8889 Heidelberg-Bamberg"]
[Site "?"]
[Date "1988.??.??"]
[Round "?.5"]
[White "Hartmann, G."]
[Black "Zuse, P."]
[Result "1/2-1/2"]
[WhiteElo "2275"]
[BlackElo "2295"]
[PlyCount "88"]
[EventDate "1988.??.??"]

1. e4 c5 2. Nf3 d6 3. d4 cxd4 4. Nxd4 Nf6 5. Nc3 a6 6. h3 e6 7. g4 d5 8. exd5
Nxd5 9. Nde2 Qa5 10. Bg2 Nxc3 11. Nxc3 Bd7 12. Bxb7 Ra7 13. Bg2 Bc6 14. O-O h5
15. Bf4 Rb7 16. Ne4 hxg4 17. hxg4 Bxe4 18. Bxe4 Rxb2 19. Qd4 Rb4 20. Qc3 Qc5
21. Qxc5 Bxc5 22. Rab1 Ke7 23. Rxb4 Bxb4 24. Rb1 Bd6 25. Rb7+ Nd7 26. Bg5+ f6
27. Be3 Rc8 28. Ra7 Rc4 29. f3 Bc5 30. Bxc5+ Rxc5 31. Rxa6 f5 32. gxf5 exf5 33.
Bd3 Ne5 34. Kg2 Nxd3 35. cxd3 Rc3 36. d4 Rc4 37. d5 Rc5 38. d6+ Ke6 39. Kg3 g5
40. a4 Rd5 41. d7+ Kxd7 42. Rg6 Ra5 43. Rxg5 Ke6 44. Rg6+ Kf7 1/2-1/2

[Event "BL 8889 Heidelberg-Bamberg"]
[Site "?"]
[Date "1988.??.??"]
[Round "?.6"]
[White "Neunhoeffer, H."]
[Black "Kestler, H."]
[Result "1/2-1/2"]
[WhiteElo "2270"]
[BlackElo "2370"]
[PlyCount "20"]
[EventDate "1988.??.??"]

1. d4 Nf6 2. Nf3 g6 3. Bg5 Bg7 4. Nbd2 c5 5. c3 cxd4 6. cxd4 d5 7. e3 O-O 8.
Bd3 Nc6 9. O-O Qb6 10. Qb3 Qxb3 1/2-1/2

[Event "BL 8889 Solingen-Bielefeld"]
[Site "?"]
[Date "1989.??.??"]
[Round "?.3"]
[White "Gruen, G."]
[Black "Lobron, E."]
[Result "1/2-1/2"]
[WhiteElo "2380"]
[BlackElo "2530"]
[PlyCount "126"]
[EventDate "1989.??.??"]

1. d4 e6 2. c4 f5 3. g3 Nf6 4. Bg2 c6 5. Nf3 d5 6. O-O Bd6 7. b3 Qe7 8. a4 O-O
9. Ba3 Bxa3 10. Nxa3 Bd7 11. Nc2 Be8 12. Nce1 Bh5 13. Nd3 Bxf3 14. Bxf3 Nbd7
15. e3 Ne4 16. Bg2 Rac8 17. Rc1 Rfd8 18. Qe2 Qa3 19. f3 Nef6 20. c5 Qxb3 21.
Qd2 a5 22. Rc3 Qxa4 23. Rb1 e5 24. Nxe5 Nxe5 25. dxe5 Ne8 26. Qd4 Qxd4 27. exd4
Nc7 28. Bf1 Ne6 29. Rd3 Rc7 30. Kf2 Rb8 31. Ke3 b5 32. cxb6 Rcb7 33. Rdb3 a4
34. Ra3 Rxb6 35. Rxb6 Rxb6 36. Rxa4 Rb3+ 37. Kf2 Rb2+ 38. Ke3 Rb3+ 39. Kf2 Kf7
40. h4 h5 41. Ba6 Rb2+ 42. Kf1 Rd2 43. Bc8 Nxd4 44. Ra7+ Kg6 45. Bd7 Rd3 46.
Be8+ Kh7 47. Kg2 Rxf3 48. e6 f4 49. gxf4 Re3 50. e7 Nf5 51. Bxc6 Nxe7 52. Bd7
Kg8 53. Kf2 Re4 54. Kg3 Kf7 55. Ra8 Ng6 56. Bf5 Re3+ 57. Kf2 Re7 58. Bxg6+ Kxg6
59. Rd8 Kf5 60. Rxd5+ Kg4 61. Rg5+ Kxh4 62. Rg6 Ra7 63. Rg5 Rb7 1/2-1/2

[Event "BL 8889 Solingen-Bielefeld"]
[Site "?"]
[Date "1989.??.??"]
[Round "?.4"]
[White "Zysk, R."]
[Black "Peist, J."]
[Result "1-0"]
[WhiteElo "2395"]
[BlackElo "2350"]
[PlyCount "89"]
[EventDate "1989.??.??"]

1. d4 Nf6 2. Nf3 e6 3. e3 b6 4. Bd3 Bb7 5. Nbd2 c5 6. O-O Nc6 7. c3 Be7 8. Qe2
O-O 9. dxc5 bxc5 10. e4 d6 11. Re1 Qc7 12. Nf1 Nd7 13. Ng3 Nde5 14. Nxe5 Nxe5
15. Bc2 Qb6 16. f4 Ba6 17. Qd1 Nd7 18. Rb1 Rfe8 19. Be3 Qc7 20. Qg4 Bf8 21.
Rbd1 c4 22. Nh5 Rab8 23. e5 d5 24. f5 g6 25. fxg6 fxg6 26. Bxg6 hxg6 27. Qxg6+
Kh8 28. Bd4 Re7 29. Re3 Rh7 30. Rf1 Bh6 31. Rh3 Nf8 32. Qf6+ Bg7 33. Qg5 Qd8
34. Nf6 Rxh3 35. gxh3 Nh7 36. Qh4 Bxf6 37. exf6 Qg8+ 38. Kh1 Qf7 39. Rg1 Rg8
40. Rg7 Rxg7 41. fxg7+ Kg8 42. Qd8+ Nf8 43. gxf8=Q+ Qxf8 44. Qg5+ Kf7 45. Qh5+
1-0

[Event "BL 8889 Solingen-Bielefeld"]
[Site "?"]
[Date "1989.??.??"]
[Round "?.5"]
[White "Beilfuss, W."]
[Black "Schneider, B1."]
[Result "1/2-1/2"]
[WhiteElo "2255"]
[BlackElo "2365"]
[PlyCount "108"]
[EventDate "1989.??.??"]

1. d4 g6 2. e4 Bg7 3. c3 d6 4. f4 Nf6 5. Bd3 e5 6. Nf3 Bg4 7. h3 Bxf3 8. Qxf3
exd4 9. cxd4 Nc6 10. Bb5 O-O 11. Bxc6 bxc6 12. O-O Qb8 13. Nc3 Qb6 14. Rd1 Rfe8
15. Kh2 c5 16. dxc5 Qxc5 17. Re1 Rab8 18. Bd2 Qh5 19. b3 Qxf3 20. gxf3 Nd7 21.
Rac1 Nc5 22. Rc2 Nd3 23. Re2 Nb4 24. Rc1 c5 25. Rd1 Bd4 26. Be1 Re6 27. Kg3 h6
28. Nb1 Nc6 29. Bf2 f5 30. Nd2 Rbe8 31. Bxd4 Nxd4 32. Rg2 Kf7 33. Nc4 Kf8 34.
e5 dxe5 35. fxe5 g5 36. Rgd2 f4+ 37. Kf2 Nc6 38. Re1 Nxe5 39. Rxe5 Rxe5 40.
Nxe5 Rxe5 41. Rd6 Kg7 42. Rd7+ Kg6 43. Rxa7 Re3 44. Rd7 c4 45. bxc4 Rc3 46. Rd2
Rxc4 47. a3 Kh5 48. Kg2 Kh4 49. Rb2 h5 50. Ra2 Ra4 51. Ra1 g4 52. hxg4 hxg4 53.
fxg4 Kxg4 54. Kf2 f3 1/2-1/2

[Event "BL 8889 Bochum-Porz"]
[Site "?"]
[Date "1989.??.??"]
[Round "?.1"]
[White "Hort, V."]
[Black "Graf, J."]
[Result "1/2-1/2"]
[WhiteElo "2595"]
[BlackElo "2405"]
[PlyCount "99"]
[EventDate "1989.??.??"]

1. Nf3 Nf6 2. b4 g6 3. c4 Bg7 4. Bb2 O-O 5. g3 d6 6. d4 e5 7. dxe5 Ng4 8. Nc3
Nxe5 9. Nxe5 Bxe5 10. Bg2 c6 11. O-O Be6 12. Qd3 Nd7 13. Rfc1 a5 14. b5 Nc5 15.
Qd2 Qc7 16. Ne4 Nxe4 17. Bxe4 Rfd8 18. Rab1 cxb5 19. cxb5 Qb6 20. a4 Rac8 21.
h4 h5 22. Bf3 Rc5 23. Kg2 Rdc8 24. Rxc5 Rxc5 25. Qe3 Qc7 26. Bxe5 Rxe5 27. Rc1
Rc5 28. Rd1 d5 29. Rd4 b6 30. Qg5 Rc4 31. Qf6 Qc5 32. e3 Rxd4 33. exd4 Qc7 34.
Be2 Qd7 35. Bd3 Qd6 36. Kh2 Kh7 37. f4 Qd7 38. Qe5 Qc8 39. Qxh5+ Kg8 40. Qe5
Qc3 41. Qe3 Qb2+ 42. Kg1 Qa1+ 43. Kf2 Qa2+ 44. Kf3 Qxa4 45. f5 Qd1+ 46. Kg2
gxf5 47. Qg5+ Kf8 48. Qd8+ Kg7 49. Qg5+ Kf8 50. Qd8+ 1/2-1/2

[Event "BL 8889 Bochum-Porz"]
[Site "?"]
[Date "1989.??.??"]
[Round "?.3"]
[White "Fedorowicz, J."]
[Black "Beckemeyer, W."]
[Result "1-0"]
[WhiteElo "2520"]
[BlackElo "2380"]
[PlyCount "61"]
[EventDate "1989.??.??"]

1. d4 Nf6 2. c4 d6 3. Nf3 g6 4. Nc3 Bg7 5. e4 O-O 6. Be2 Nbd7 7. O-O e5 8. Qc2
c6 9. d5 c5 10. g3 Ne8 11. Bd3 Bf6 12. a3 Be7 13. b4 Ng7 14. Bh6 b6 15. Ne1 Bg5
16. Bxg5 Qxg5 17. Nf3 Qe7 18. Nh4 Nf6 19. bxc5 bxc5 20. Rfe1 Nfh5 21. Rab1 Nf4
22. Bf1 f5 23. Rb3 fxe4 24. Nxe4 Nh3+ 25. Bxh3 Bxh3 26. Qb2 g5 27. Rb7 Qd8 28.
Ng2 Nf5 29. Qb1 Rf7 30. Rxf7 Kxf7 31. Nxg5+ 1-0

[Event "BL 8889 Bochum-Porz"]
[Site "?"]
[Date "1989.??.??"]
[Round "?.4"]
[White "Vatter, H."]
[Black "Fleck, J."]
[Result "0-1"]
[WhiteElo "2335"]
[BlackElo "2415"]
[PlyCount "102"]
[EventDate "1989.??.??"]

1. e4 e5 2. Nf3 Nc6 3. Bc4 Bc5 4. c3 Nf6 5. d4 exd4 6. O-O Nxe4 7. cxd4 d5 8.
dxc5 dxc4 9. Qe2 Qd3 10. Re1 f5 11. Nbd2 O-O 12. Nxe4 fxe4 13. Qxe4 Bf5 14. Qh4
Qd5 15. Be3 Rad8 16. Rac1 Bd3 17. h3 Rxf3 18. gxf3 Ne5 19. Kg2 Rf8 20. Qh5 Bg6
21. Qg5 h6 22. Qg3 Rxf3 23. Qxe5 Rxf2+ 24. Kxf2 Qxe5 25. Rg1 Qxb2+ 26. Kg3 Bd3
27. Rg2 Qe5+ 28. Bf4 Qxc5 29. Kh2 Be4 30. Re2 Qf5 31. Bxc7 b5 32. Rce1 Bc6 33.
Rg1 b4 34. Be5 g5 35. Rge1 Bd7 36. h4 Qh3+ 37. Kg1 Bc6 38. hxg5 Qh1+ 39. Kf2
Qf3+ 40. Kg1 Qh1+ 41. Kf2 Qf3+ 42. Kg1 Qg4+ 43. Kf2 hxg5 44. Rg1 Qf5+ 45. Ke1
Qb1+ 46. Kf2 Qf5+ 47. Ke1 Bf3 48. Re3 g4 49. Bd4 b3 50. axb3 cxb3 51. Kf2 b2
0-1

[Event "BL 8889 Bochum-Porz"]
[Site "?"]
[Date "1989.??.??"]
[Round "?.5"]
[White "Lutz, C."]
[Black "Backwinkel, P."]
[Result "1-0"]
[WhiteElo "2380"]
[BlackElo "2315"]
[PlyCount "95"]
[EventDate "1989.??.??"]

1. d4 c5 2. d5 d6 3. e4 Nf6 4. Nc3 g6 5. Nf3 Bg7 6. Bb5+ Bd7 7. a4 Na6 8. O-O
Nc7 9. Re1 Nxb5 10. axb5 Bg4 11. h3 Bxf3 12. Qxf3 Nd7 13. Bf4 O-O 14. Qe3 Re8
15. Bh6 Bh8 16. Qe2 Nb6 17. Bf4 Bd4 18. Qd3 Qc7 19. Ra2 Nd7 20. Nd1 Bg7 21. Ne3
b6 22. Nc4 Rab8 23. h4 h5 24. Ra3 Rb7 25. Qe2 Rd8 26. Bh2 Qc8 27. Rea1 Qc7 28.
Kh1 Ra8 29. f4 Nf6 30. f5 gxf5 31. exf5 Qd7 32. Ne3 Bh6 33. Rf1 Kh7 34. Bf4 Rg8
35. Bxh6 Kxh6 36. Nd1 Rg4 37. Rh3 Rb8 38. Nf2 Rd4 39. c3 Rxd5 40. Qe3+ Kh7 41.
Ne4 Qxb5 42. Nxf6+ exf6 43. Qf3 Kg7 44. Ra1 Qxb2 45. Rg3+ Kf8 46. Rxa7 Qc1+ 47.
Kh2 Rd1 48. Rxf7+ 1-0

[Event "BL 8889 Bochum-Porz"]
[Site "?"]
[Date "1989.??.??"]
[Round "?.6"]
[White "Ueter, H."]
[Black "Ostermeyer, P."]
[Result "1/2-1/2"]
[WhiteElo "2275"]
[BlackElo "2450"]
[PlyCount "105"]
[EventDate "1989.??.??"]

1. e4 c5 2. Nf3 d6 3. d4 Nf6 4. Nc3 cxd4 5. Nxd4 a6 6. Bg5 e6 7. f4 Be7 8. Qf3
h6 9. Bh4 Qc7 10. O-O-O Nbd7 11. Bd3 g5 12. fxg5 Ne5 13. Qe2 Nfg4 14. Nf3 hxg5
15. Nxe5 Nxe5 16. Bg3 Bd7 17. Rhf1 Rh7 18. Kb1 O-O-O 19. Rd2 Rg7 20. Qd1 Rh8
21. Rdf2 Be8 22. Be2 Rhh7 23. Qd4 Nc6 24. Qd2 Ne5 25. h3 Qc5 26. Rd1 Rg8 27.
Rff1 Qc7 28. Qe3 Bc6 29. a4 g4 30. Bxe5 dxe5 31. Bxg4 Kb8 32. b3 Rc8 33. Rd3
Qa5 34. Rfd1 Qb4 35. Nd5 Bxd5 36. exd5 f5 37. d6 e4 38. Rd4 Qc5 39. dxe7 Qxc2+
40. Ka1 Rxe7 41. Be2 Qc5 42. b4 Qc2 43. b5 axb5 44. axb5 b6 45. Rd7 Qa4+ 46.
Kb1 Qb4+ 47. Ka1 Rxd7 48. Rxd7 Qa4+ 49. Kb1 Qb4+ 50. Ka1 Qa4+ 51. Kb1 Qc2+ 52.
Ka1 Qa4+ 53. Kb1 1/2-1/2

[Event "BL 8889 Bochum-Porz"]
[Site "?"]
[Date "1989.??.??"]
[Round "?.8"]
[White "Boesken, C."]
[Black "Schmidt, B."]
[Result "0-1"]
[WhiteElo "2270"]
[BlackElo "2310"]
[PlyCount "108"]
[EventDate "1989.??.??"]

1. Nf3 d5 2. d4 Nf6 3. c4 c6 4. Qb3 g6 5. g3 Bg7 6. Bg2 O-O 7. O-O Qb6 8. Nc3
dxc4 9. Qxc4 Be6 10. Qd3 Qa6 11. Qxa6 Nxa6 12. e4 Nb4 13. Rd1 Nc2 14. Rb1 Nxe4
15. Nxe4 Bxa2 16. Bg5 Bxb1 17. Rxb1 Rfe8 18. Nc5 b6 19. Nb3 Rac8 20. Rc1 Nb4
21. Bd2 Nd3 22. Rc2 c5 23. Bf1 c4 24. Nc1 Nxb2 25. Be1 Nd3 26. Nxd3 cxd3 27.
Bxd3 Rxc2 28. Bxc2 Rd8 29. Kf1 Bxd4 30. Nxd4 Rxd4 31. Ke2 e5 32. f3 f6 33. Bc3
Rd6 34. Bd3 a5 35. Kd2 Kf7 36. Kc2 Ke7 37. h4 Rd5 38. g4 Kd6 39. Be4 Rc5 40. h5
b5 41. hxg6 hxg6 42. Kb2 b4 43. Bd2 Rd5 44. Bxd5 Kxd5 45. Kb3 Kc5 46. Bh6 f5
47. gxf5 gxf5 48. Bf8+ Kb5 49. Bg7 e4 50. fxe4 fxe4 51. Bh6 a4+ 52. Kc2 Kc4 53.
Bd2 b3+ 54. Kb2 Kd3 0-1

[Event "BL 8889 Sindelfingen-Kirchheim"]
[Site "?"]
[Date "1989.??.??"]
[Round "?.1"]
[White "Adorjan, A."]
[Black "Darga, K."]
[Result "1/2-1/2"]
[WhiteElo "2520"]
[BlackElo "2470"]
[PlyCount "43"]
[EventDate "1989.??.??"]

1. c4 c5 2. Nf3 Nf6 3. Nc3 e6 4. g3 b6 5. Bg2 Bb7 6. O-O Be7 7. d4 cxd4 8. Qxd4
d6 9. Bg5 h6 10. Bxf6 Bxf6 11. Qd3 Na6 12. Nb5 d5 13. cxd5 Nc5 14. Qe3 Bxd5 15.
Rad1 O-O 16. Ne5 Re8 17. b4 Na6 18. Nc6 Qd7 19. Ncxa7 Nxb4 20. Qxb6 Reb8 21.
Qc5 Be7 22. Qc4 1/2-1/2

[Event "BL 8889 Sindelfingen-Kirchheim"]
[Site "?"]
[Date "1989.??.??"]
[Round "?.2"]
[White "Mohr, S."]
[Black "Gschnitzer, O."]
[Result "1-0"]
[WhiteElo "2470"]
[BlackElo "2365"]
[PlyCount "77"]
[EventDate "1989.??.??"]

1. d4 Nf6 2. c4 c5 3. d5 d6 4. Nc3 g6 5. e4 Bg7 6. Be2 O-O 7. Bg5 h6 8. Be3 e6
9. Qd2 exd5 10. cxd5 h5 11. Nf3 a6 12. a4 Nbd7 13. h3 Rb8 14. Qc2 Qe7 15. Nd2
Ne8 16. O-O Nc7 17. a5 Nf6 18. Rab1 b5 19. axb6 Rxb6 20. Nc4 Rb4 21. e5 Bf5 22.
exf6 Bxf6 23. Qd2 Bxc3 24. Qxc3 Nxd5 25. Qd2 Bxb1 26. Qxd5 Ba2 27. Bd3 Qb7 28.
Qxb7 Rxb7 29. Ra1 Bxc4 30. Bxc4 Rxb2 31. Rxa6 Rd8 32. Bd5 Rb1+ 33. Kh2 Rd7 34.
Ra8+ Kg7 35. Bd2 Rd1 36. Bc3+ f6 37. Rg8+ Kh7 38. Be6 Rg7 39. Rd8 {ZÜ} 1-0

[Event "BL 8889 Sindelfingen-Kirchheim"]
[Site "?"]
[Date "1989.??.??"]
[Round "?.3"]
[White "Mueller, O."]
[Black "Fahnenschmidt, G."]
[Result "1/2-1/2"]
[WhiteElo "2355"]
[BlackElo "2380"]
[PlyCount "40"]
[EventDate "1989.??.??"]

1. e4 c5 2. Nf3 e6 3. d4 cxd4 4. Nxd4 Nf6 5. Nc3 d6 6. g4 h6 7. Rg1 Nc6 8. Be3
a6 9. Qf3 Nxd4 10. Bxd4 e5 11. Be3 Be6 12. O-O-O Be7 13. h4 Nh7 14. g5 hxg5 15.
Bh3 Bxh3 16. Qxh3 Nf8 17. Qg3 Rxh4 18. Nd5 Ne6 19. f3 Rc8 20. Rg2 Nf4 1/2-1/2

[Event "BL 8889 Sindelfingen-Kirchheim"]
[Site "?"]
[Date "1989.??.??"]
[Round "?.6"]
[White "Sieglen, J."]
[Black "Duester, T."]
[Result "1-0"]
[WhiteElo "2330"]
[BlackElo "2315"]
[PlyCount "99"]
[EventDate "1989.??.??"]

1. d4 Nf6 2. c4 g6 3. Nc3 Bg7 4. Nf3 d6 5. e4 O-O 6. Be2 e5 7. O-O Nc6 8. d5
Ne7 9. b4 Nh5 10. g3 f5 11. Ng5 Nf6 12. f3 f4 13. c5 dxc5 14. bxc5 h6 15. Ne6
Bxe6 16. dxe6 Qd4+ 17. Qxd4 exd4 18. Nb5 fxg3 19. Rb1 gxh2+ 20. Kxh2 Nh5 21.
Kg2 c6 22. Nd6 b5 23. f4 Nf6 24. Bb2 Ne8 25. Bd3 Nc7 26. f5 a5 27. Rbd1 Na6 28.
Rc1 gxf5 29. exf5 Nd5 30. Rf3 Be5 31. Kh1 Ra7 32. Be4 Ndb4 33. a3 Nd5 34. Bxd5
cxd5 35. Nxb5 Rg7 36. Bxd4 Bf6 37. Bxf6 Rxf6 38. c6 Nc7 39. Nxc7 Rxc7 40. Kg2
Kf8 41. Kg3 Ke7 42. Kf4 Kd6 43. Rd3 Rf8 44. Rcd1 h5 45. Rxd5+ Kxc6 46. Rd7 Rxd7
47. Rxd7 Rh8 48. Ke5 h4 49. Rd1 h3 50. Rc1+ 1-0

[Event "BL 8889 Sindelfingen-Kirchheim"]
[Site "?"]
[Date "1989.??.??"]
[Round "?.7"]
[White "Vonthron, H."]
[Black "Braun, M."]
[Result "1-0"]
[WhiteElo "2330"]
[BlackElo "2325"]
[PlyCount "89"]
[EventDate "1989.??.??"]

1. e4 e5 2. Nf3 Nf6 3. Nc3 Bb4 4. Nxe5 Qe7 5. Nf3 Nxe4 6. Nxe4 Qxe4+ 7. Be2 O-O
8. O-O d5 9. d4 Bg4 10. h3 Bh5 11. Be3 Nc6 12. c3 Bd6 13. Ng5 Bxe2 14. Nxe4
Bxd1 15. Nxd6 Be2 16. Rfe1 Ba6 17. Nf5 Bd3 18. Ng3 Nd8 19. Rad1 Bg6 20. Bd2 f6
21. Re7 Rf7 22. Rde1 Rxe7 23. Rxe7 Rc8 24. Bf4 c5 25. dxc5 Rxc5 26. Rd7 Ne6 27.
Be3 Rb5 28. b4 d4 29. a4 Rb6 30. a5 Rc6 31. cxd4 Rc7 32. Rd6 Rc6 33. Rd5 Be8
34. Nf5 Kf8 35. b5 Rc2 36. Rd6 Nc7 37. b6 axb6 38. axb6 Nb5 39. Rd8 g6 40. Nh6
Rc6 41. d5 Rc3 42. Rb8 Nd6 43. Bf4 Ne4 44. Rxb7 Rb3 45. f3 1-0

[Event "BL 8889 Sindelfingen-Kirchheim"]
[Site "?"]
[Date "1989.??.??"]
[Round "?.8"]
[White "Werner, Marc"]
[Black "Engel, B."]
[Result "1-0"]
[WhiteElo "2315"]
[BlackElo "2295"]
[PlyCount "77"]
[EventDate "1989.??.??"]

1. e4 Nc6 2. Nf3 d6 3. d4 Nf6 4. Nc3 Bg4 5. d5 Nb8 6. Be2 g6 7. Nd4 Bxe2 8.
Qxe2 c5 9. dxc6 Nxc6 10. Be3 Bg7 11. O-O-O O-O 12. g4 Nxd4 13. Bxd4 Qa5 14. f3
Rfd8 15. Kb1 e6 16. h4 h5 17. g5 Ne8 18. f4 e5 19. fxe5 dxe5 20. Be3 Bf8 21.
Rhf1 Rxd1+ 22. Qxd1 Rd8 23. Nd5 Nd6 24. Bd2 Qb5 25. Nf6+ Kh8 26. Qf3 Nc4 27.
Bc3 Nxb2 28. Bxb2 Ba3 29. Qxa3 Qxf1+ 30. Bc1 Qb5+ 31. Ka1 Kg7 32. Nd5 Rd7 33.
Qc3 Rxd5 34. exd5 Qxd5 35. a3 f6 36. Qc7+ Qf7 37. gxf6+ Kxf6 38. Bg5+ Ke6 39.
Qc4+ 1-0